Quiz o Zabrzu - Statystyki

Ogólne statystyki
  • Ten quiz został rozwiązany 853 razy
    848 od ostatniego zresetowania
  • Średni wynik to 7 z 17
Statystyki odpowiedzi
Wskazówka Odpowiedź % Poprawnych
Województwo, w którym leży Zabrze Śląskie
99%
Najsłynniejszy zabrzański klub piłkarski Górnik Zabrze
87%
Powiat, w którym leży Zabrze Zabrze
79%
Nazwa województwa, do którego należało Zabrze w latach 1975-1998 Województwo Katowickie
76%
Ilość mistrzostw Polski zdobytych przez powyższy klub (słownie) Czternaście
60%
Nazwa nieczynnej zabrzańskiej kopalni węgla. Obecnie jest udostępniana turystom Kopalnia Guido
39%
Typ aglomeracji złożonych z kilku(nastu) miast. W jednej z nich znajduje się Zabrze Konurbacja (Górnośląska)
36%
Z jakim zespołem klub z Zabrza rozegrał finał Pucharu Zdobywców Pucharów w 1970 r., przegrywając 1:2? Manchester City
36%
Obecna nazwa stadionu, w którym gra ten klub Arena Zabrze
29%
Nazwa Zabrza w latach 1915-1945 Hindenburg
28%
Rzeki, nad którymi jest położone Zabrze Bytomka
26%
Rzeki, nad którymi jest położone Zabrze Kłodnica
25%
Rok, w którym nadano Zabrzu prawa miejskie 1922
23%
Prezydent Zabrza Kamil Żbikowski
23%
Miasto, z którym miasto Zabrze zerwało współpracę (miast zaprzyjaźnionych/partnerskich) w 2022 roku Królewiec
13%
W jakich latach ten klub zdobył rekordowe 5 tytułów mistrza Polski pod rząd? 1963-1967
12%
Nazwa hotelu, którego budynek stanowił przedwojenną wizytówkę miasta Hotel Admiralspalast
12%
Nie znaleziono quizów pasujących do podanych kryteriów
Rozkład punktacji
Procent ludzi z każdym wynikiem
Percentyl według liczby udzielonych odpowiedzi
Twoja historia wyników
Nie rozwiązałeś tego quizu od ostatniego zresetowania